| 000 | 01110cam a2200361 a 4500 | ||
|---|---|---|---|
| 001 | 58358 | ||
| 003 | CO-BoRNBP | ||
| 005 | 20250821213025.0 | ||
| 007 | ta | ||
| 008 | 040601s2003 sp a gr 00011dspa d | ||
| 020 | _a8434896451 | ||
| 040 |
_ala _bspa _cCO-BoBLA |
||
| 041 | 1 |
_aspa _hgag |
|
| 043 | _ae-sp--- | ||
| 082 | 0 | 4 |
_aI863.6 _bF37m2 _219 ed. |
| 084 | _aC FER | ||
| 100 | 1 |
_aFernández Paz, Agustín, _d1947-2016. _963009 |
|
| 245 | 1 | 0 |
_aMi nombre es Skywalker / _cAgustín Fernández Paz. |
| 250 | _a1a. edición | ||
| 300 |
_a91 p : _bil ; _c19 cm. |
||
| 336 |
_2rdacontent _atexto _btxt |
||
| 337 |
_2rdamedia _asin mediación _bn |
||
| 338 |
_2rdacarrier _avolumen _bnc |
||
| 490 | 1 |
_aColección el barco de vapor ; _v164 |
|
| 500 | _aPara niños a partir de 9 años. | ||
| 534 | _tO meu nome e Skywalker. | ||
| 650 | 7 |
_aCuentos infantiles españoles. _2BLAAUTO _9725 |
|
| 650 | 7 |
_aCuentos infantiles gallegos. _2BLAAUTO _963010 |
|
| 650 | 7 |
_aVida en otros planetas. _2BLAAUTO _963011 |
|
| 650 | 7 |
_aVida en otros planetas. _2BLAAUTO _963011 |
|
| 942 |
_2ddc _cBK |
||
| 949 |
_an _bn |
||
| 999 |
_c58358 _d58358 |
||